000 005860000a22001930004500
090 _aAR
_b00007
245 1 0 _aAnt fauna (<Hymenoptera: Formicidae>) of kirindy forest (<tropical dry forest>) in western Madagascar
650 1 4 _aHormigas
_992499
650 1 4 _aInsectos
_992622
650 1 4 _aEntomologĂ­a
_94483
650 1 4 _aBosques tropicales
_992765
651 4 _pMadagascar
_992749
653 _fFormicidae
_vhormiga
041 0 _aInglés
700 1 _aWard, P. S.
_992766
100 1 _aOlson, David M.
_97316
942 _cARTICULO
773 1 _tPrimate Report
_34
_h1
_q161-171
_d1996
_g46
999 _c9110
_d9110